Encyclopedia of Chemical Processing and Design 48 /30 /21 / (Record no. 562285)
[ view plain ]
| 000 -LEADER | |
|---|---|
| fixed length control field | 00487nam a2200133Ia 4500 |
| 008 - FIXED-LENGTH DATA ELEMENTS--GENERAL INFORMATION | |
| fixed length control field | 210430s9999 xx 000 0 und d |
| 020 ## - INTERNATIONAL STANDARD BOOK NUMBER | |
| International Standard Book Number | 0-8247-2471-2 |
| 082 ## - DEWEY DECIMAL CLASSIFICATION NUMBER | |
| Classification number | 660 E5615 E |
| 100 ## - MAIN ENTRY--PERSONAL NAME | |
| Personal name | Edited by John J.Mcketta |
| 9 (RLIN) | 127633 |
| 245 ## - TITLE STATEMENT | |
| Title | Encyclopedia of Chemical Processing and Design 48 /30 /21 / |
| Statement of responsibility, etc. | John J.Mcketta |
| 260 ## - PUBLICATION, DISTRIBUTION, ETC. | |
| Place of publication, distribution, etc. | New York |
| Name of publisher, distributor, etc. | Marcel Dekker,INC |
| Date of publication, distribution, etc. | 1994 |
| 300 ## - PHYSICAL DESCRIPTION | |
| Extent | 476p. |
| Other physical details | (21 Exp-Fin, Acc No. 3671) (30 Met-Mot, Acc No. 3672) (48 Res-Saf, Acc No. 1151) |
| 942 ## - ADDED ENTRY ELEMENTS (KOHA) | |
| Koha item type | Book |
| Source of classification or shelving scheme | |
| Withdrawn status | Lost status | Source of classification or shelving scheme | Damaged status | Not for loan | Permanent Location | Current Location | Shelving location | Date acquired | Full call number | Barcode | Date last seen | Price effective from | Koha item type |
|---|---|---|---|---|---|---|---|---|---|---|---|---|---|
| School of Chemical & Materials Engineering (SCME) | School of Chemical & Materials Engineering (SCME) | General Stacks | 06/11/7 | 660.28003 E5615 E | SCME-1151 | 04/30/2021 | 04/30/2021 | Book | |||||
| School of Chemical & Materials Engineering (SCME) | School of Chemical & Materials Engineering (SCME) | 05/10/2024 | 660.28003 E5615 E | SCME-3671 | 05/10/2024 | 05/10/2024 | Book | ||||||
| School of Chemical & Materials Engineering (SCME) | School of Chemical & Materials Engineering (SCME) | 05/10/2024 | 660.28003 E5615 E | SCME-3672 | 05/10/2024 | 05/10/2024 | Book |
